Immigration, security and the liberal state: (Record no. 761150)
[ view plain ]
| 000 -LEADER | |
|---|---|
| fixed length control field | 00497nam a22001337a 4500 |
| 020 ## - INTERNATIONAL STANDARD BOOK NUMBER | |
| ISBN | 9781009298018 |
| 082 ## - DEWEY DECIMAL CLASSIFICATION NUMBER | |
| Classification number | R 325 LAH/I |
| 100 ## - MAIN ENTRY--AUTHOR NAME | |
| Personal name | Lahav, Gallya and Messina, Antony M |
| 245 ## - TITLE STATEMENT | |
| Title | Immigration, security and the liberal state: |
| Sub Title | the politics of migration aregualtion in Europe and the United States/ |
| Statement of responsibility, etc | by Gallia Lahav and Anthony M.Messina |
| 260 ## - PUBLICATION, DISTRIBUTION, ETC. (IMPRINT) | |
| Place of publication | . - New York |
| Name of publisher | : Cambridge University Press |
| Year of publication | , 2024 |
| 300 ## - PHYSICAL DESCRIPTION | |
| Number of Pages | xix+492 pages |
| 942 ## - ADDED ENTRY ELEMENTS (KOHA) | |
| Source of classification or shelving scheme | Dewey Decimal Classification |
| Koha item type | Reference |
| Withdrawn status | Lost status | Source of classification or shelving scheme | Damaged status | Not for loan | Home Library | Current Location | Shelving location | Date acquired | Full call number | Accession Number | Price effective from | Koha item type |
|---|---|---|---|---|---|---|---|---|---|---|---|---|
| Dewey Decimal Classification | Dept. of Political Science | Dept. of Political Science | Reference | 05/02/2026 | R 325 LAH/I | POL23901 | 30/06/2026 | Reference |
